| 000 | 01727nam a2200229 4500 | ||
|---|---|---|---|
| 001 | ESSALUD | ||
| 005 | 20260701144649.0 | ||
| 007 | ta | ||
| 008 | t pe ||||| |||| 00| 0 spa d | ||
| 040 | _aBMG | ||
| 041 | _aspa | ||
| 100 |
_aTribunal Registral _eAutor _953048 |
||
| 245 | _aEl testamento caduca si posteriormente el otorgante contrae matrimonio | ||
| 300 | _apáginas 100-109 | ||
| 520 | _aSi se prueba fehacientemente la existencia de hijos del causante luego del otorgamiento de su testamento, o si el causante contrae matrimonio y tiene un nuevo cónyuge (un heredero forzoso más), el testamento caducaría. Siendo así, se colige que al haber contraído matrimonio la testadora con posterioridad al otorgamiento de su testamento, la institución de herederos expresada en dicho testamento ha caducado, en razón que debe ser considerado al cónyuge supérstite como heredero forzoso. Esto configuraría lo previsto en el artículo 815 inciso 2 del Código Civil, que señala: "La herencia corresponde a los herederos legales cuando: 2. ( ... ) se ha declarado la caducidad o invalidez de la disposición que lo instituye"; con lo cual se abre la posibilidad que, una vez que se inscriba la referida caducidad, se pueda registrar la anotación preventiva de la sucesión intestada de la causante, esto es, debido a que los herederos instituidos en el testamento tienen la calidad de voluntarios. | ||
| 650 |
_aTESTAMENTO _953066 |
||
| 650 |
_aDERECHO SUCESORIO _953065 |
||
| 650 |
_aMATRIMONIO _94207 |
||
| 650 |
_aHERENCIA _91215 |
||
| 773 | 0 |
_022573 _922621 _dLima Grupo Praxis Formación Profesional, 2026- _oPRA002 _tPraxis Civil & Procesal Civil _wESSALUD _x3119-7671 |
|
| 942 |
_cARTICULOS _e2026-07-01 _zsqb |
||
| 999 |
_c22600 _d22600 |
||